000 00355 a2200157 4500
001 75687
020 _a9788504019759
040 _cAnchieta - Colégio São Paulo
100 _aPESCE, Bel
240 1 0 _aAventuras da Bel Pesce
_lpor
245 1 0 _aAventuras da Bel Pesce
300 _a64
362 0 _a2015
650 4 _aLiteratura infantil
942 _cBK
999 _c75687
_d75687